ბათუმის შოთა რუსთაველის სახელმწიფო უნივერსიტეტის ბიბლიოთეკა

Меры и единицы физических величин (ბიბ.ჩანაწერი № 48026)

000 -LEADER
fixed length control field 00579nam a2200205Ia 4500
001 - CONTROL NUMBER
control field 14906
003 - CONTROL NUMBER IDENTIFIER
control field GE_BSU
008 - FIXED-LENGTH DATA ELEMENTS--GENERAL INFORMATION
fixed length control field 181216s||||||||xx |||||||||||||| ||und||
040 ## - CATALOGING SOURCE
Transcribing agency GE_BSU
080 ## - UNIVERSAL DECIMAL CLASSIFICATION NUMBER
Universal Decimal Classification number 53
100 ## - MAIN ENTRY--PERSONAL NAME
Personal name Беклемишев,А.В.
245 ## - TITLE STATEMENT
Title Меры и единицы физических величин
245 ## - TITLE STATEMENT
Statement of responsibility, etc. Ред.Е.Б.Кузнецова
260 ## - PUBLICATION, DISTRIBUTION, ETC.
Place of publication, distribution, etc. Москва
260 ## - PUBLICATION, DISTRIBUTION, ETC.
Name of publisher, distributor, etc. Гостехиздат
260 ## - PUBLICATION, DISTRIBUTION, ETC.
Date of publication, distribution, etc. 1954
300 ## - PHYSICAL DESCRIPTION
Extent 283стр.20см.
653 ## - INDEX TERM--UNCONTROLLED
Uncontrolled term Меры и единицы физических величин
942 ## - ADDED ENTRY ELEMENTS (KOHA)
Koha item type წიგნი
ეგზემპლარები
Withdrawn status Lost status Damaged status Not for loan Date acquired Barcode Date last seen Price effective from Koha item type
        2018-12-17 18238 2018-12-17 2018-12-17 წიგნი